| 000 | 01401cam a2200229 4500500 | ||
|---|---|---|---|
| 005 | 20260329022840.0 | ||
| 041 | _afre | ||
| 042 | _adc | ||
| 100 | 1 | 0 |
_aBrennetot, Arnaud _eauthor |
| 245 | 0 | 0 | _aGeographers and Spatial Justice: Genealogy of a Complicated Relationship |
| 260 | _c2011. | ||
| 500 | _a1 | ||
| 520 | _aIn recent years, spatial justice has been the subject of renewed attention. This trend should not obscure important theoretical disagreements. Going back to the last fifty years, we realize that this concept covers very different interpretations according to the authors and the historical context. Such variety reflects how geographers who have considered this question have positioned themselves within the intellectual debate. This observation leads to questioning the normative and ideological dimension of the geographical discourse while showing that the pluralism of contemporary geography largely results from ethical commitments on the part of the specialists who do it. | ||
| 690 | _aepistemology | ||
| 690 | _ageoethics | ||
| 690 | _ageographical inequalities | ||
| 690 | _aspatial justice | ||
| 690 | _aterritorialfairness | ||
| 690 | _autilitarianism | ||
| 786 | 0 | _nAnnales de géographie | o 678 | 2 | 2011-04-01 | p. 115-134 | 0003-4010 | |
| 856 | 4 | 1 | _uhttps://shs.cairn.info/journal-annales-de-geographie-2011-2-page-115?lang=en&redirect-ssocas=7080 |
| 999 |
_c1923049 _d1923049 |
||